| 000 | 00410nam a2200157 a 4500 | ||
|---|---|---|---|
| 001 | 20828 | ||
| 005 | 20180713214458.0 | ||
| 008 | 140415s1970 000 0 spa d | ||
| 041 | _aspa | ||
| 082 |
_a306.6 _bMAN |
||
| 245 | 0 | 0 |
_aMANUAL DEL CRISTOFORO : _bEL DIRIGENTE MODERNO |
| 250 | _a4a ed. | ||
| 260 |
_a[s.l.] : _bNOVARO, _c1970 |
||
| 300 | _a350 | ||
| 650 | 1 | 4 | _aSOCIOLOGIA DE LA RELIGION |
| 999 |
_c20828 _d20828 |
||